[Event "Guernsey Holiday 2012"]
[Site "?"]
[Date "2012.10.23"]
[Round "3"]
[White "Hamann, Marcus"]
[Black "Le Maitre, Richard"]
[Result "1-0"]
[WhiteElo "1756"]
[BlackElo "1378"]
[PlyCount "59"]
[EventDate "2012.10.21"]

1. e4 c5 2. Nf3 d6 3. d4 cxd4 4. Nxd4 Nf6 5. Nc3 Nc6 6. Bb5 Bd7 7. O-O e6 8.
Be3 Be7 9. h3 O-O 10. Nxc6 bxc6 11. Bd3 a5 12. a4 Rb8 13. b3 Qc8 14. f4 e5 15.
Qf3 exf4 16. Bxf4 Ra8 17. e5 dxe5 18. Bxe5 Bc5+ 19. Kh1 Be7 20. Rae1 c5 21.
Bxf6 Bxf6 22. Nd5 Bg5 23. Nb6 Bc6 24. Bxh7+ Kxh7 25. Qh5+ Kg8 26. Nxc8 Raxc8
27. Qxg5 f6 28. Qg3 Rfd8 29. Re7 Rd7 30. Qxg7# 1-0

[Event "Guernsey Holiday 2012"]
[Site "?"]
[Date "2012.10.23"]
[Round "3"]
[White "Kerr, Matthew"]
[Black "Newrick, William R"]
[Result "0-1"]
[WhiteElo "1300"]
[BlackElo "1440"]
[PlyCount "132"]
[EventDate "2012.10.21"]

1. e4 c5 2. Bc4 e6 3. d3 Nc6 4. c3 Na5 5. Bb5 a6 6. Ba4 b5 7. Bb3 Bb7 8. Qg4 c4
9. dxc4 Nxc4 10. Nd2 Nxd2 11. Bxd2 Nf6 12. Qh4 Nxe4 13. Qxd8+ Rxd8 14. Be3 Nc5
15. Bxc5 Bxc5 16. f3 d5 17. Ne2 O-O 18. O-O-O b4 19. Rhe1 bxc3 20. Nxc3 Bb4 21.
Re3 Rc8 22. Kb1 Bxc3 23. bxc3 Rc5 24. a4 Rfc8 25. Kb2 a5 26. Rd2 Ba6 27. Ka3
Rxc3 28. Rxc3 Rxc3 29. Rc2 Rxc2 30. Bxc2 Bc4 31. Kb2 d4 32. Bb3 Be2 33. Kc2 d3+
34. Kd2 Kf8 35. Bc4 Ke7 36. Bxd3 Bxd3 37. Kxd3 Kd6 38. Kc3 Kc5 39. Kb3 e5 40.
Kc3 f5 41. g4 fxg4 42. fxg4 e4 43. h4 e3 44. Kd3 Kb4 45. Kxe3 Kxa4 46. Kd2 Kb3
47. Kc1 a4 48. Kb1 g6 49. g5 Kc3 50. Ka2 Kd4 51. Ka3 Ke4 52. Kxa4 Kf5 53. Kb3
Kg4 54. Kc3 Kxh4 55. Kd3 Kxg5 56. Ke2 h5 57. Kf2 Kf4 58. Kg2 g5 59. Kh3 h4 60.
Kg2 g4 61. Kh2 Kf3 62. Kg1 g3 63. Kh1 h3 64. Kg1 g2 65. Kh2 Kf2 66. Kxh3 g1=Q
0-1

[Event "Guernsey Holiday 2012"]
[Site "?"]
[Date "2012.10.23"]
[Round "3"]
[White "Bennett, David"]
[Black "Davidson, Laura"]
[Result "1-0"]
[WhiteElo "1400"]
[BlackElo "912"]
[PlyCount "115"]
[EventDate "2012.10.21"]

1. Nf3 Nf6 2. d4 d5 3. Bf4 c5 4. Bxb8 Rxb8 5. e3 e6 6. c4 Qb6 7. b3 Qb4+ 8. Qd2
Qxd2+ 9. Nbxd2 cxd4 10. exd4 Bb4 11. a3 Bc3 12. Ra2 Ne4 13. cxd5 exd5 14. Bb5+
Bd7 15. Bxd7+ Kxd7 16. O-O Nxd2 17. Nxd2 Bxd4 18. Nf3 Bc3 19. Rd1 Kd6 20. Ng5
Ke7 21. Re2+ Kf8 22. Rxd5 h6 23. Nf3 Re8 24. Rxe8+ Kxe8 25. Rc5 Bb2 26. Rc8+
Ke7 27. Rxh8 Bxa3 28. Rc8 a5 29. Rc7+ Kd6 30. Rxb7 Kc5 31. Ne5 Kd4 32. Nxf7 Kc3
33. g3 Bb4 34. Ne5 Kxb3 35. Nc6 a4 36. Rxb4+ Ka3 37. Rd4 g5 38. Rd3+ Kb2 39.
Na5 a3 40. Nc4+ Kc2 41. Rxa3 h5 42. Ne3+ Kb2 43. Ra5 h4 44. Rxg5 hxg3 45. hxg3
Kc3 46. Rg8 Kd4 47. g4 Ke5 48. g5 Kf4 49. Nd5+ Kg4 50. g6 Kh3 51. g7 Kg4 52.
Rd8 Kf3 53. g8=Q Ke4 54. Qg2+ Kd3 55. Nf4+ Kc2 56. f3+ Kc1 57. Rc8+ Kd1 58.
Qe2# 1-0

[Event "Guernsey Holiday 2012"]
[Site "?"]
[Date "2012.10.24"]
[Round "4"]
[White "Foster, Paul"]
[Black "Perrin, Jonathan"]
[Result "1/2-1/2"]
[WhiteElo "1688"]
[BlackElo "1736"]
[PlyCount "52"]
[EventDate "2012.10.21"]

1. e4 d6 2. Bc4 Nf6 3. Nc3 e5 4. d3 Be7 5. Nge2 c6 6. a3 d5 7. exd5 cxd5 8. Ba2
O-O 9. O-O Be6 10. b4 a5 11. b5 Qb6 12. d4 e4 13. Bf4 Bxa3 14. Bxd5 Bb2 15.
Bxe6 Bxa1 16. Bxf7+ Rxf7 17. Qxa1 Nbd7 18. Qa2 Raf8 19. Qc4 Qd8 20. Qa2 b6 21.
Bd6 Re8 22. Nf4 Nf8 23. Be5 g5 24. Nfd5 Nxd5 25. Nxd5 Re6 26. Re1 Ng6 1/2-1/2

[Event "Guernsey Holiday 2012"]
[Site "?"]
[Date "2012.10.24"]
[Round "4"]
[White "Leung, Simon"]
[Black "Van Hoek, Wim"]
[Result "1/2-1/2"]
[WhiteElo "1640"]
[BlackElo "1721"]
[PlyCount "74"]
[EventDate "2012.10.21"]

1. e4 e5 2. Nf3 Nc6 3. Bb5 f5 4. Nc3 fxe4 5. Nxe4 Nf6 6. Nxf6+ Qxf6 7. Qe2 Be7
8. Bxc6 dxc6 9. Nxe5 Bf5 10. O-O O-O 11. d4 Be6 12. Be3 Bd6 13. f4 Bxe5 14.
dxe5 Qg6 15. Rf3 Bd5 16. Rg3 Qe4 17. Qd3 Qf5 18. Qxf5 Rxf5 19. Rd1 b6 20. b3
Rff8 21. Bc1 Be6 22. c4 c5 23. Rc3 Kf7 24. h3 h5 25. Kf2 Rad8 26. Rcd3 Ke7 27.
Kf3 Rxd3+ 28. Rxd3 g5 29. g4 hxg4+ 30. hxg4 gxf4 31. Bxf4 Rg8 32. g5 Bf5 33.
Rd2 Rd8 34. Rxd8 Kxd8 35. e6 Ke7 36. Bxc7 Kxe6 37. Bb8 Bb1 1/2-1/2

[Event "Guernsey Holiday 2012"]
[Site "?"]
[Date "2012.10.24"]
[Round "4"]
[White "Gibson, John"]
[Black "Vonhoff, Joerg"]
[Result "1/2-1/2"]
[WhiteElo "1780"]
[BlackElo "1658"]
[PlyCount "54"]
[EventDate "2012.10.21"]

1. d4 Nf6 2. Nf3 g6 3. e3 Bg7 4. Bd3 d6 5. O-O O-O 6. c4 Nbd7 7. Nc3 e5 8. Rb1
Re8 9. Qc2 Qe7 10. e4 exd4 11. Nb5 Ne5 12. Nxe5 dxe5 13. f4 a6 14. fxe5 axb5
15. exf6 Bxf6 16. cxb5 Be6 17. b3 Rec8 18. Qf2 Bg7 19. Bf4 c5 20. Rbc1 b6 21.
Rc2 Ra7 22. e5 Bd5 23. Re1 Qd7 24. Rec1 Rca8 25. h3 Re8 26. Re2 Re6 27. Rce1
Qe8 1/2-1/2

[Event "Guernsey Holiday 2012"]
[Site "?"]
[Date "2012.10.24"]
[Round "4"]
[White "Collins, Alan"]
[Black "Derrick, Neil"]
[Result "1/2-1/2"]
[WhiteElo "1744"]
[BlackElo "1656"]
[PlyCount "70"]
[EventDate "2012.10.21"]

1. d4 Nf6 2. Nf3 e6 3. Bf4 c5 4. e3 Nc6 5. c3 cxd4 6. exd4 d6 7. Bd3 Be7 8. O-O
Bd7 9. h3 Rc8 10. Nbd2 Qb6 11. Nc4 Qc7 12. Bg3 b5 13. Ne3 Qb6 14. Qe2 b4 15.
Nc4 Qb8 16. Rfc1 Nd5 17. Ne3 Nxe3 18. Qxe3 O-O 19. Ng5 g6 20. Nf3 Bf6 21. Qf4
Be7 22. Ba6 Rcd8 23. Qh6 Bf6 24. Ng5 Bxg5 25. Qxg5 e5 26. d5 f6 27. Qd2 Ne7 28.
cxb4 Nf5 29. Bf1 Qb6 30. Kh2 Nd4 31. b3 Rb8 32. f3 Qb7 33. Bc4 Qxb4 34. Qxb4
Rxb4 35. Be1 Rbb8 1/2-1/2

[Event "Guernsey Holiday 2012"]
[Site "?"]
[Date "2012.10.24"]
[Round "4"]
[White "Hoogakker, Peter"]
[Black "Rowe, Oliver"]
[Result "0-1"]
[WhiteElo "1730"]
[BlackElo "1394"]
[PlyCount "56"]
[EventDate "2012.10.21"]

1. e4 d5 2. exd5 Qxd5 3. Nc3 Qd6 4. d4 Nf6 5. Nf3 a6 6. h3 e6 7. Bd3 Be7 8. Ne4
Qc6 9. Nxf6+ Bxf6 10. c3 b5 11. Qc2 Bb7 12. O-O Nd7 13. Re1 Qd6 14. Be4 Bxe4
15. Qxe4 O-O 16. Bf4 Qb6 17. Rad1 Rad8 18. Be3 Rfe8 19. d5 Qb7 20. Bg5 Bxg5 21.
Nxg5 Nf6 22. dxe6 Nxe4 23. exf7+ Kf8 24. Rxd8 Rxd8 25. Ne6+ Ke7 26. Nxd8 Qd5
27. f3 Qxd8 28. Rxe4+ Kxf7 0-1

[Event "Guernsey Holiday 2012"]
[Site "?"]
[Date "2012.10.24"]
[Round "4"]
[White "Pemberton, Clive"]
[Black "Hunt, Ray"]
[Result "1-0"]
[WhiteElo "1704"]
[BlackElo "1632"]
[PlyCount "109"]
[EventDate "2012.10.21"]

1. e4 c5 2. Nf3 e6 3. d4 cxd4 4. Nxd4 d6 5. Nc3 a6 6. a4 Be7 7. Bc4 Nf6 8. f3
O-O 9. Be3 Nc6 10. Nxc6 bxc6 11. O-O Bb7 12. a5 Qc8 13. Na4 Nd7 14. Qe2 c5 15.
Kh1 d5 16. exd5 exd5 17. Bd3 Qc6 18. Bf5 Rae8 19. Qf2 d4 20. Bf4 Bd6 21. Bxd6
Qxd6 22. Bxd7 Qxd7 23. Nxc5 Qc8 24. Nxb7 Qxb7 25. Qxd4 Rd8 26. Qb6 Qc8 27. Rac1
Qa8 28. c4 Rb8 29. Qd4 Rfd8 30. Qc3 Qb7 31. Rc2 Qd7 32. h3 Qa4 33. c5 Qb5 34.
Rfc1 Qc6 35. Rd2 Rxd2 36. Qxd2 h6 37. Qd6 Rc8 38. Qd3 Rb8 39. Qd4 Kh7 40. b4
Qa4 41. Rc4 Qa2 42. c6 Qe2 43. c7 Qe1+ 44. Kh2 Rc8 45. Qd7 Qe5+ 46. f4 Qe6 47.
Qd3+ g6 48. Qc3 Qd6 49. Qe5 Qd7 50. Rc5 Qa4 51. Qf6 Qxb4 52. Qxf7+ Kh8 53. Re5
Qf8 54. Qxf8+ Rxf8 55. Rd5 1-0

[Event "Guernsey Holiday 2012"]
[Site "?"]
[Date "2012.10.24"]
[Round "4"]
[White "Nalichowski, Bogdan"]
[Black "Borland, Tom"]
[Result "1-0"]
[WhiteElo "1611"]
[BlackElo "1695"]
[PlyCount "76"]
[EventDate "2012.10.21"]

1. e4 e5 2. Bc4 Nf6 3. Nc3 c6 4. d4 d5 5. exd5 Bb4 6. dxe5 Nxd5 7. Nge2 O-O 8.
O-O Nxc3 9. Nxc3 Qh4 10. Bd3 Nd7 11. g3 Qe7 12. e6 fxe6 13. Bd2 Nf6 14. a3 Bc5
15. Ne4 Nxe4 16. Bxe4 e5 17. Qe2 Bf5 18. Bxf5 Rxf5 19. Rae1 Raf8 20. Be3 Bxe3
21. Qxe3 b6 22. b4 Qf7 23. Re2 Qd5 24. Qc3 Qd4 25. Qxd4 exd4 26. f4 c5 27. Re7
R5f7 28. Re5 cxb4 29. axb4 Rc7 30. Rd5 Rxc2 31. Rxd4 Re8 32. Rf2 Re1+ 33. Kg2
Rec1 34. Rd8+ Kf7 35. Rd7+ Ke6 36. Rxg7 Rxf2+ 37. Kxf2 Rc2+ 38. Ke3 Kf6 {
Remaining moves inelligible, 1-0, 44.} 1-0

[Event "Guernsey Holiday 2012"]
[Site "?"]
[Date "2012.10.24"]
[Round "4"]
[White "Baart, Edwin"]
[Black "Gallagher, Daniel"]
[Result "0-1"]
[WhiteElo "1684"]
[BlackElo "1144"]
[PlyCount "79"]
[EventDate "2012.10.21"]

1. d4 Nf6 2. Nf3 g6 3. c4 Bg7 4. Nc3 d6 5. Bg5 h6 6. Bxf6 Bxf6 7. e3 Nd7 8. Bd3
c5 9. Qc2 Qa5 10. O-O Nb6 11. Nb5 O-O 12. Nd2 Nd7 13. Rab1 a6 14. Nb3 Qb6 15.
Nc3 e6 16. d5 Ne5 17. Rbd1 Nxd3 18. Qxd3 e5 19. f4 exf4 20. Rxf4 Bg5 21. Rf2
Re8 22. e4 Qc7 23. Rdf1 f5 24. e5 Rxe5 25. Kh1 Re3 26. Qc2 Qe7 27. g3 Bd7 28.
Nd2 Re8 29. Nf3 Bf6 30. Kg2 b5 31. Nd1 Re2 32. Qc1 g5 33. Rxe2 Qxe2+ 34. Rf2
Qxc4 35. Qd2 Qe4 36. Nc3 Bxc3 37. Qxc3 g4 38. Qf6 gxf3+ 39. Kg1 Qg4 40. h3 0-1

[Event "Guernsey Holiday 2012"]
[Site "?"]
[Date "2012.10.24"]
[Round "4"]
[White "Naldrett, Geoff W"]
[Black "Van Nijen, Peter"]
[Result "0-1"]
[WhiteElo "1616"]
[BlackElo "1678"]
[PlyCount "58"]
[EventDate "2012.10.21"]

1. c4 e5 2. g3 d6 3. Bg2 Nf6 4. Nc3 c6 5. d4 exd4 6. Qxd4 Be7 7. Nf3 c5 8. Qd1
Nc6 9. O-O Bf5 10. Re1 Ne4 11. Nd5 h6 12. Nxe7 Qxe7 13. Nd2 Rd8 14. Nxe4 Bxe4
15. f3 Bg6 16. e4 O-O 17. Be3 h5 18. h4 Qe5 19. Kh2 Qxb2 20. Re2 Qc3 21. Rc1
Qa3 22. Rb1 Ne5 23. Rb3 Qa6 24. Qd5 Rde8 25. Qxb7 Qxc4 26. Rd2 a5 27. Qb5 a4
28. Bf1 Qxb5 29. Rxb5 Nxf3+ 0-1

[Event "Guernsey Holiday 2012"]
[Site "?"]
[Date "2012.10.24"]
[Round "4"]
[White "Beadle, John"]
[Black "Finch, Russell"]
[Result "1-0"]
[WhiteElo "1688"]
[BlackElo "1600"]
[PlyCount "47"]
[EventDate "2012.10.21"]

1. e4 g6 2. d4 Bg7 3. c4 d6 4. Nc3 e5 5. d5 f5 6. Nf3 Nf6 7. Bg5 O-O 8. Bd3 a6
9. O-O h6 10. Bxf6 Qxf6 11. Qd2 f4 12. h3 g5 13. Nh2 f3 14. Nxf3 Bxh3 15. Nh2
g4 16. Be2 Qg6 17. Kh1 Qh5 18. gxh3 Qxh3 19. Bxg4 Qh4 20. Bf5 Kh8 21. Rg1 Nd7
22. Rg4 Qe7 23. Rag1 Bf6 24. Qxh6+ 1-0

[Event "Guernsey Holiday 2012"]
[Site "?"]
[Date "2012.10.24"]
[Round "4"]
[White "Bakkes, Frits"]
[Black "Harnden, Terry"]
[Result "1/2-1/2"]
[WhiteElo "1619"]
[BlackElo "1535"]
[PlyCount "84"]
[EventDate "2012.10.21"]

1. e4 c5 2. Nf3 d6 3. d4 cxd4 4. Nxd4 Nc6 5. Nc3 Nf6 6. Be2 g6 7. Be3 Bg7 8.
Qd2 O-O 9. O-O-O Bd7 10. Bh6 Nxd4 11. Bxg7 Nxe2+ 12. Qxe2 Kxg7 13. e5 Ne8 14.
h4 dxe5 15. Qxe5+ Kg8 16. h5 f6 17. Qd5+ e6 18. Qxd7 Qxd7 19. Rxd7 Rf7 {(=)}
20. Rhd1 gxh5 21. Rxf7 Kxf7 22. Rd7+ Kg6 23. Rxb7 a5 24. a4 Ra6 25. Nb5 Nd6 26.
Nc7 Rc6 27. Ra7 Nc8 28. Rxa5 Rxc7 29. b4 Ne7 30. Ra6 Nd5 31. b5 Nb4 32. Rxe6
Rxc2+ 33. Kb1 Ra2 34. b6 Rxa4 35. b7 Na6 36. Rxa6 Rb4+ 37. Kc1 Rxb7 38. Kd1 Re7
39. Rc6 Kg5 40. Rb6 {(=)} h6 41. g3 Kf5 42. Kd2 Re6 1/2-1/2

[Event "Guernsey Holiday 2012"]
[Site "?"]
[Date "2012.10.24"]
[Round "4"]
[White "Dokter, Marike"]
[Black "Jones, Sid A"]
[Result "1/2-1/2"]
[WhiteElo "1568"]
[BlackElo "1448"]
[PlyCount "68"]
[EventDate "2012.10.21"]

1. e4 e5 2. Nf3 Nc6 3. Bb5 Nf6 4. O-O a6 5. Ba4 b5 6. Bb3 Be7 7. Re1 h6 8. c3
O-O 9. d4 d6 10. h3 Bb7 11. Nbd2 Re8 12. Nf1 Bf8 13. Ng3 exd4 14. cxd4 Na5 15.
Bc2 c5 16. d5 Nc4 17. b3 Ne5 18. Bb2 Rc8 19. Rc1 Rc7 20. Bb1 Bc8 {(=)} 21. Nxe5
dxe5 22. Qf3 Nh7 23. Bc3 Qf6 24. Qxf6 Nxf6 25. Red1 Bd6 26. Ba5 Rb7 27. a3 Bd7
28. Bd2 Rc8 29. Bd3 Rbc7 30. Ba5 Rb7 31. Be1 Ne8 32. f3 Rbc7 33. Bf1 g6 34. Bd2
Kg7 1/2-1/2

[Event "Guernsey Holiday 2012"]
[Site "?"]
[Date "2012.10.24"]
[Round "4"]
[White "Newrick, William R"]
[Black "Hamann, Marcus"]
[Result "0-1"]
[WhiteElo "1440"]
[BlackElo "1756"]
[PlyCount "72"]
[EventDate "2012.10.21"]

1. d4 d5 2. c4 c6 3. e3 Nf6 4. Nc3 e6 5. cxd5 exd5 6. Nf3 Bb4 7. Be2 Ne4 8. Bd2
Qa5 9. Nxe4 dxe4 10. Bxb4 Qxb4+ 11. Qd2 Qe7 12. Ne5 Nd7 13. Nxd7 Bxd7 14. O-O
Qg5 15. f4 Qg6 16. Rf2 f5 17. Rc1 O-O 18. Rc5 Be6 19. a3 Rac8 20. d5 Bxd5 21.
Bc4 Bxc4 22. Rxc4 Rcd8 23. Qc2 Rd5 24. Rc5 Qf7 25. Qb3 Re8 26. Rxd5 Qxd5 27.
Qxd5+ cxd5 28. Rc2 Re7 29. b4 Kf7 30. a4 Ke6 31. b5 Kd6 32. Kf2 Rc7 33. Rxc7
Kxc7 34. a5 a6 35. b6+ Kc6 36. h3 Kb5 {Remaining moves inelligible, 0-1, 47.}
0-1

[Event "Guernsey Holiday 2012"]
[Site "?"]
[Date "2012.10.24"]
[Round "4"]
[White "Bateman, Kerry"]
[Black "Bennett, David"]
[Result "1-0"]
[WhiteElo "1676"]
[BlackElo "1400"]
[PlyCount "79"]
[EventDate "2012.10.21"]

1. e4 e6 2. d4 d5 3. Nc3 dxe4 4. Nxe4 Nf6 5. Ng3 c5 6. Nf3 cxd4 7. Bc4 Bb4+ 8.
Bd2 Qb6 9. O-O Nc6 10. Qe2 O-O 11. c3 Bc5 12. b4 Bd6 13. Ne4 Nxe4 14. Qxe4 Ne7
15. Nxd4 Bd7 16. Bd3 g6 17. Qh4 e5 18. Nf3 f6 19. Bc4+ Kh8 20. Bg5 Bc7 21. Bd2
Nf5 22. Qh3 Rad8 23. g4 Nd6 24. Bd3 e4 25. Nh4 Rg8 26. Bc2 Rde8 27. Bb3 Rg7 28.
a4 a5 29. Be3 Qc6 30. Bd4 Nc8 31. b5 Qd6 32. Rad1 Qf4 33. Qg3 Qxg3+ 34. fxg3
Bxg4 35. Rd2 e3 36. Rd3 Be2 37. Rxf6 Be5 38. Bxe5 Rxe5 39. Rf8+ Rg8 40. Rxg8#
1-0

[Event "Guernsey Holiday 2012"]
[Site "?"]
[Date "2012.10.24"]
[Round "4"]
[White "Van Beek, Ronald"]
[Black "Joyeux, Gerard"]
[Result "1/2-1/2"]
[WhiteElo "1365"]
[BlackElo "1601"]
[PlyCount "77"]
[EventDate "2012.10.21"]

1. d4 d5 2. Nf3 c5 3. Bf4 Nc6 4. c3 e6 5. e3 Nf6 6. Nbd2 Qb6 7. Qb3 Qxb3 8.
Nxb3 cxd4 9. exd4 a6 10. Bd3 h6 11. O-O Be7 12. Rfe1 O-O 13. h3 b5 14. Ne5 Nxe5
15. Bxe5 Nd7 16. a3 Nxe5 17. dxe5 Rb8 18. Nd4 Bd7 19. Re2 Rfc8 20. Rc2 f6 21.
Re1 fxe5 22. Rxe5 Bf6 23. Ree2 e5 24. Bf5 Bxf5 25. Nxf5 Rd8 26. Rcd2 Kf7 27. f3
Rb7 28. Kf2 Rbd7 29. g4 g6 30. Ng3 d4 31. cxd4 exd4 32. Rd3 Bh4 33. Kg2 Bxg3
34. Kxg3 Kf6 35. Rc2 Rd6 36. b4 Re8 37. Kf2 Re5 38. Rcd2 Red5 39. f4 1/2-1/2

[Event "Guernsey Holiday 2012"]
[Site "?"]
[Date "2012.10.24"]
[Round "4"]
[White "Gunn, Mike"]
[Black "Kaye, Mike"]
[Result "0-1"]
[WhiteElo "1584"]
[BlackElo "1360"]
[PlyCount "74"]
[EventDate "2012.10.21"]

1. c4 Nf6 2. Nc3 g6 3. g3 Bg7 4. Bg2 c6 5. e4 d6 6. Nge2 e5 7. d3 O-O 8. O-O
Bg4 9. h3 Be6 10. Kh2 Na6 11. f4 Qd7 12. a3 Ne8 13. Rb1 f5 14. exf5 gxf5 15. b4
Rd8 16. b5 Nc5 17. bxc6 bxc6 18. Na4 e4 19. Nxc5 dxc5 20. Qa4 Qxd3 21. Rb7 Qxc4
22. Rxg7+ Nxg7 23. Qxc4 Bxc4 24. Re1 Rd3 25. g4 Rfd8 26. gxf5 Rd1 27. Rg1 Bxe2
28. Bb2 Bf3 29. Bxg7 Kxg7 30. Bf1+ Kf6 31. a4 Kxf5 32. h4 Kxf4 33. a5 R8d2+ 34.
Kh3 Rf2 35. Rg2 Rdxf1 36. Rxf2 Rxf2 37. a6 Bg4# 0-1

[Event "Guernsey Holiday 2012"]
[Site "?"]
[Date "2012.10.24"]
[Round "4"]
[White "Brown, Jim"]
[Black "Gibzinski, Stanislaw"]
[Result "1-0"]
[WhiteElo "1224"]
[BlackElo "1237"]
[PlyCount "73"]
[EventDate "2012.10.21"]

1. Nf3 e6 2. d4 d5 3. e3 Nf6 4. Nbd2 c5 5. Be2 Nc6 6. b3 cxd4 7. exd4 Bd6 8.
O-O O-O 9. Bb2 Qc7 10. Ne5 Nd7 11. Ndf3 f6 12. Nxc6 bxc6 13. h3 e5 14. dxe5
fxe5 15. Nh2 e4 16. Ng4 Ne5 17. Bxe5 Bxe5 18. Nxe5 Qxe5 19. Qd2 a5 20. a4 Bb7
21. c3 c5 22. Bg4 d4 23. cxd4 cxd4 24. Be2 d3 25. Bg4 Bc6 26. Rac1 Ra6 27. Rb1
Ra7 28. Rbc1 Rf6 29. Rfe1 h5 30. Bf3 Qd4 31. Rc4 Qb6 32. Bxe4 Bxe4 33. Rcxe4
Qxb3 34. Re8+ Rf8 35. Rxf8+ Kxf8 36. Qf4+ Qf7 37. Qb8+ 1-0

[Event "Guernsey Holiday 2012"]
[Site "?"]
[Date "2012.10.24"]
[Round "4"]
[White "Davidson, Laura"]
[Black "Le Maitre, Richard"]
[Result "1/2-1/2"]
[WhiteElo "912"]
[BlackElo "1378"]
[PlyCount "60"]
[EventDate "2012.10.21"]

1. e4 c5 2. Nc3 d6 3. f4 Nf6 4. Nf3 Nc6 5. Bb5 Bd7 6. O-O a6 7. Bxc6 Bxc6 8. d3
g6 9. Qe1 Bg7 10. e5 dxe5 11. Nxe5 Bd7 12. Nxd7 Qxd7 13. Be3 b6 14. Rd1 O-O 15.
d4 cxd4 16. Rxd4 Qb7 17. Qd1 e6 18. Qd3 Nd5 19. Ra4 Nxc3 20. bxc3 Rfd8 21. Bd4
b5 22. Rb4 Qd5 23. Qf3 Bxd4+ 24. Rxd4 Qxf3 25. Rxf3 Rxd4 26. cxd4 Rd8 27. c3
Rd5 28. Kf2 Kg7 29. Ke3 f5 30. Kd3 Kf6 1/2-1/2

[Event "Guernsey Holiday 2012"]
[Site "?"]
[Date "2012.10.24"]
[Round "4"]
[White "Goman, Colin"]
[Black "Herschmann, Heinz"]
[Result "1-0"]
[WhiteElo "1584"]
[BlackElo "1360"]
[PlyCount "39"]
[EventDate "2012.10.21"]

1. d4 d5 2. Nf3 e6 3. c4 dxc4 4. e4 Be7 5. Bxc4 Bd7 6. O-O Nf6 7. Nc3 O-O 8.
Ne5 h6 9. f4 Nc6 10. f5 Nxe5 11. dxe5 Nh7 12. f6 Bc5+ 13. Kh1 g5 14. Qh5 Re8
15. Qxh6 Bf8 16. Qh5 c6 17. Rf3 g4 18. Qxg4+ Kh8 19. Rg3 Bc5 20. Qg7# 1-0

[Event "Guernsey Holiday 2012"]
[Site "?"]
[Date "2012.10.25"]
[Round "5"]
[White "Perrin, Jonathan"]
[Black "Pemberton, Clive"]
[Result "1-0"]
[WhiteElo "1736"]
[BlackElo "1704"]
[PlyCount "53"]
[EventDate "2012.10.21"]

1. e4 c5 2. Nc3 Nc6 3. f4 d6 4. Nf3 e6 5. Bb5 Qc7 6. O-O a6 7. Bxc6+ Qxc6 8.
Ng5 f6 9. Nf3 d5 10. exd5 exd5 11. Re1+ Be7 12. d4 Bg4 13. dxc5 O-O-O 14. b4
Bxc5+ 15. bxc5 Qxc5+ 16. Qd4 Qxd4+ 17. Nxd4 Nh6 18. h3 Bh5 19. g4 Be8 20. f5
Nf7 21. Ne6 Rd7 22. Na4 Rd6 23. Nac5 g5 24. Bb2 h5 25. Bxf6 Rh6 26. Bxg5 Nxg5
27. Nxg5 1-0

[Event "Guernsey Holiday 2012"]
[Site "?"]
[Date "2012.10.25"]
[Round "5"]
[White "Van Hoek, Wim"]
[Black "Foster, Paul"]
[Result "1/2-1/2"]
[WhiteElo "1721"]
[BlackElo "1688"]
[PlyCount "43"]
[EventDate "2012.10.21"]

1. f4 e5 2. fxe5 Qh4+ 3. g3 Qe4 4. Nf3 Nc6 5. Nc3 Qg6 6. Bg2 Nh6 7. e4 d6 8.
O-O Nxe5 9. d4 Nxf3+ 10. Bxf3 c6 11. Bh5 Bg4 12. Bxg6 Bxd1 13. Bxf7+ Nxf7 14.
Nxd1 Be7 15. Nc3 O-O 16. Kg2 Bf6 17. Be3 Rae8 18. Rae1 Re7 19. Rf2 Rfe8 20.
Rfe2 b6 21. h4 h6 22. Bg1 1/2-1/2

[Event "Guernsey Holiday 2012"]
[Site "?"]
[Date "2012.10.25"]
[Round "5"]
[White "Van Nijen, Peter"]
[Black "Nalichowski, Bogdan"]
[Result "1-0"]
[WhiteElo "1678"]
[BlackElo "1611"]
[PlyCount "59"]
[EventDate "2012.10.21"]

1. e4 d5 2. exd5 Nf6 3. d4 c6 4. Nc3 Nxd5 5. Be2 Nxc3 6. bxc3 Bf5 7. Nf3 Qa5 8.
Bd2 e6 9. O-O Ba3 10. c4 Qc7 11. c5 a5 12. Rb1 Nd7 13. Rb3 Bxc5 14. dxc5 Nxc5
15. Re3 O-O 16. Nh4 Rfd8 17. Nxf5 exf5 18. Bd3 f4 19. Rf3 Ne6 20. Qc1 g5 21.
Rh3 Nf8 22. Bc3 Rd7 23. Re1 Ng6 24. Bf6 Rd5 25. Be4 Rc5 26. Rh5 Re8 27. Bxg6
Rxe1+ 28. Qxe1 Qd7 29. Rxh7 fxg6 30. Rxd7 1-0

[Event "Guernsey Holiday 2012"]
[Site "?"]
[Date "2012.10.25"]
[Round "5"]
[White "Rowe, Oliver"]
[Black "Leung, Simon"]
[Result "0-1"]
[WhiteElo "1394"]
[BlackElo "1640"]
[PlyCount "94"]
[EventDate "2012.10.21"]

1. d4 Nf6 2. Nf3 g6 3. Bf4 Bg7 4. e3 d6 5. Be2 Nh5 6. Bg3 Nxg3 7. hxg3 c5 8. c3
cxd4 9. exd4 Nc6 10. Bb5 a6 11. Ba4 O-O 12. O-O e6 13. Re1 b5 14. d5 Ne7 15.
Bb3 e5 16. Nbd2 Bb7 17. Ne4 h6 18. g4 Rc8 19. Rc1 a5 20. a3 f5 21. gxf5 gxf5
22. Ng3 Rc5 23. Nh4 a4 24. Ba2 Bxd5 25. Bxd5+ Rxd5 26. Qh5 Qd7 27. Rcd1 Rxd1
28. Rxd1 Qe6 29. Qe2 Qd7 30. Qd3 d5 31. Nhxf5 Nxf5 32. Nxf5 Rxf5 33. Qxd5+ Qf7
34. Qxb5 Rxf2 35. Qb8+ Kh7 36. Qb6 Rf4 37. Qe3 Qf5 38. Rd5 Qb1+ 39. Kh2 Qf5 40.
Ra5 Rh4+ 41. Kg1 Qb1+ 42. Kf2 Rf4+ 43. Kg3 Qh1 44. Qd3+ e4 45. Qd8 Rf6 46. Ra7
Rg6+ 47. Kf2 Qxg2+ 0-1

[Event "Guernsey Holiday 2012"]
[Site "?"]
[Date "2012.10.25"]
[Round "5"]
[White "Haisma, Henk"]
[Black "Gallagher, Daniel"]
[Result "1/2-1/2"]
[WhiteElo "1632"]
[BlackElo "1144"]
[PlyCount "68"]
[EventDate "2012.10.21"]

1. b4 e5 2. a3 d6 3. e3 Be7 4. Nf3 f5 5. Bc4 Nf6 6. Bb3 e4 7. Nd4 d5 8. c4 c6
9. Nc3 O-O 10. Nde2 Kh8 11. Nf4 d4 12. Nce2 d3 13. Nd4 Re8 14. c5 Nd5 15. Bxd5
cxd5 16. Qb3 Nc6 17. Bb2 Bf6 18. Qxd5 {(=)} Nxd4 19. Bxd4 Bxd4 20. Qxd4 Qxd4
21. exd4 Rd8 22. h4 Rxd4 23. Rc1 Bd7 24. g3 Rc8 25. O-O Rg8 26. Rc3 g5 27. hxg5
Rxg5 28. Kg2 Ba4 29. Re1 Bb5 30. Re3 Rc4 31. Rxc4 Bxc4 32. Re1 Rg7 33. f3 Re7
34. fxe4 fxe4 1/2-1/2

[Event "Guernsey Holiday 2012"]
[Site "?"]
[Date "2012.10.25"]
[Round "5"]
[White "Derrick, Neil"]
[Black "Gibson, John"]
[Result "1-0"]
[WhiteElo "1656"]
[BlackElo "1780"]
[PlyCount "113"]
[EventDate "2012.10.21"]

1. d4 e6 2. c4 f5 3. Nf3 Nf6 4. g3 Be7 5. Bg2 O-O 6. O-O d6 7. Nc3 Ne4 8. Nxe4
fxe4 9. Nd2 d5 10. e3 Nd7 11. cxd5 exd5 12. Qb3 Nf6 13. Nxe4 Nxe4 14. Bxe4 c6
15. Bg2 Kh8 16. Bd2 Qb6 17. Qd3 Bf5 18. Qc3 Bf6 19. b4 Rac8 20. a4 Qd8 21. Rac1
Qe8 22. h3 h5 23. Qb3 a6 24. b5 Qg6 25. bxc6 bxc6 26. Qb6 Bd3 27. Rfe1 Bd8 28.
Qb7 Rc7 29. Qb3 Rcf7 30. f4 Bc4 31. Rxc4 {(=)} dxc4 32. Qxc4 Qxg3 33. Qxc6 Rf6
34. Qf3 Qxf3 {(=)} 35. Bxf3 h4 36. d5 Bb6 37. Kg2 Rc8 38. Re2 Rc4 39. e4 Rf8
40. e5 Rxa4 41. e6 Bc5 42. e7 Re8 43. d6 Rd4 44. Bc6 Rxe7 45. dxe7 Bxe7 46.
Rxe7 Rxd2+ 47. Kf3 Rd3+ 48. Kg4 Rd4 49. Be4 Kg8 50. Bg6 Rd8 51. Ra7 Kf8 52.
Kxh4 Rd4 53. Kg4 Rd6 54. f5 Rd4+ 55. Kg5 Ra4 56. Rf7+ Kg8 57. Re7 1-0

[Event "Guernsey Holiday 2012"]
[Site "?"]
[Date "2012.10.25"]
[Round "5"]
[White "Vonhoff, Joerg"]
[Black "Collins, Alan"]
[Result "1/2-1/2"]
[WhiteElo "1658"]
[BlackElo "1744"]
[PlyCount "102"]
[EventDate "2012.10.21"]

1. e4 d5 2. exd5 Qxd5 3. Nf3 c6 4. h3 Nf6 5. Be2 Bf5 6. d3 Qa5+ 7. Qd2 Qxd2+ 8.
Bxd2 e6 9. Nh4 Bg6 10. Nxg6 hxg6 11. a3 Bd6 12. Bc3 Nbd7 13. Nd2 O-O-O 14. Nc4
Bc7 15. Ba5 Bxa5+ 16. Nxa5 Nd5 17. Bf3 Ne5 18. Bxd5 Rxd5 19. Nb3 Nd7 20. Ke2
Nf6 21. g4 Re5+ 22. Kf3 g5 23. d4 Rd5 24. Ke3 Rdd8 25. c4 Rh4 26. f4 Rdh8 27.
fxg5 Rxh3+ 28. Rxh3 Rxh3+ 29. Kf4 Rxb3 30. gxf6 gxf6 31. Rb1 Kd7 32. g5 fxg5+
33. Kxg5 Ke7 34. Kf4 Rh3 35. Rd1 Rh5 36. b4 a5 37. bxa5 Rxa5 38. Rb1 b5 39.
cxb5 Rxb5 40. Rc1 Kd6 41. Rc4 Ra5 42. Rc3 c5 43. dxc5+ Rxc5 44. Rb3 Kc6 45. Rb8
Ra5 46. Rb3 Rb5 47. Rc3+ Kb6 48. Rd3 Ka5 49. Rd7 f5 50. Rd6 Rb6 51. Rd4 Rb3
1/2-1/2